Public infrastructure and growth: new channels and policy implications (Record no. 294951)

000 -LEADER
fixed length control field 00509cam a22001457a 4500
008 - FIXED-LENGTH DATA ELEMENTS--GENERAL INFORMATION
fixed length control field 180718b2006 xxu||||| |||| 00| 0 eng d
100 ## - MAIN ENTRY--PERSONAL NAME
Personal name Agenor, Pierre-Richard
245 ## - TITLE STATEMENT
Title Public infrastructure and growth: new channels and policy implications
Statement of responsibility, etc. by Pierre-Richard Agenor and Blanca Morene-Dodson
260 ## - PUBLICATION, DISTRIBUTION, ETC.
Place of publication, distribution, etc. Washington, D.C.
Name of publisher, distributor, etc. World Bank
Date of publication, distribution, etc. 2006
300 ## - PHYSICAL DESCRIPTION
Extent 59p.
440 ## - SERIES STATEMENT/ADDED ENTRY--TITLE
Title Policy research working paper; 4064
650 ## - SUBJECT ADDED ENTRY--TOPICAL TERM
Topical term or geographic name entry element Growth
650 ## - SUBJECT ADDED ENTRY--TOPICAL TERM
Topical term or geographic name entry element Public infrastructure
700 ## - ADDED ENTRY--PERSONAL NAME
Personal name Moreno-Dodson, Blanca
Holdings
Withdrawn status Lost status Damaged status Not for loan Permanent Location Current Location Date acquired Barcode Date last seen Price effective from Koha item type
        Indian Institute of Public Administration Indian Institute of Public Administration 2007-08-30 WB11555 2018-07-20 2018-07-20 WB

Powered by Koha